Lovelytheband - broken lyrics - Statistics

General Stats
  • This quiz has been taken 41 times
  • The average score is 178 of 236
Answer Stats
Answer % Correct
I
96%
broken
93%
Broken
93%
like
93%
that
93%
That
93%
you
93%
you,
93%
a
89%
me
89%
the
89%
be
85%
Maybe
85%
your
85%
at
81%
could
81%
fool
81%
lonely
81%
Lonely
81%
makes
81%
met
81%
party
81%
with
81%
you're
81%
and
74%
my
74%
said
74%
She
74%
she
74%
These
74%
we
74%
But
70%
but
70%
By
70%
by
70%
friends
70%
late
70%
love
70%
night,
70%
people
70%
That's
70%
Some
67%
when
67%
bathroom,
63%
not
63%
We're
63%
can
59%
face
59%
grabbed
59%
I'm
59%
is
59%
to
59%
trust
59%
fund
56%
in
56%
sure
56%
aren't
52%
let's
52%
pieces
52%
something
52%
song
52%
sweet
52%
talk
52%
There's
52%
all
48%
Brooklyn
48%
confidence
48%
eyes
48%
I'd
48%
Life
44%
meet
44%
off
44%
Think
44%
time
44%
wearing
44%
loft
41%
one
41%
pure
41%
tragic,
41%
wholesome,
41%
almost
37%
fix
37%
try
37%
our
33%
baby's
30%
floating
30%
Tucked
30%
No matching quizzes found
Score Distribution
Percent of People with Each Score
Percentile by Number Answered
Your Score History
You have not taken this quiz